<?xml version="1.0" encoding="UTF-8"?><?xml-stylesheet type="text/xsl" href="static/style.xsl"?><OAI-PMH xmlns="http://www.openarchives.org/OAI/2.0/" xmlns:xsi="http://www.w3.org/2001/XMLSchema-instance" xsi:schemaLocation="http://www.openarchives.org/OAI/2.0/ http://www.openarchives.org/OAI/2.0/OAI-PMH.xsd"><responseDate>2026-06-02T16:18:27Z</responseDate><request verb="GetRecord" identifier="oai:riuma.uma.es:10630/15242" metadataPrefix="marc">https://riuma.uma.es/rest/oai/request</request><GetRecord><record><header><identifier>oai:riuma.uma.es:10630/15242</identifier><datestamp>2026-02-03T10:24:56Z</datestamp><setSpec>com_10630_1685</setSpec><setSpec>col_10630_38055</setSpec></header><metadata><record xmlns="http://www.loc.gov/MARC21/slim" xmlns:dcterms="http://purl.org/dc/terms/" xmlns:doc="http://www.lyncode.com/xoai" xmlns:xsi="http://www.w3.org/2001/XMLSchema-instance" xsi:schemaLocation="http://www.loc.gov/MARC21/slim http://www.loc.gov/standards/marcxml/schema/MARC21slim.xsd">
   <leader>00925njm 22002777a 4500</leader>
   <datafield ind2=" " ind1=" " tag="042">
      <subfield code="a">dc</subfield>
   </datafield>
   <datafield ind2=" " ind1=" " tag="720">
      <subfield code="a">Egea-Guerrero, Rocío</subfield>
      <subfield code="e">author</subfield>
   </datafield>
   <datafield ind2=" " ind1=" " tag="260">
      <subfield code="c">2018-02-22</subfield>
   </datafield>
   <datafield ind2=" " ind1=" " tag="520">
      <subfield code="a">El cáncer es una de las principales causas de muerte a nivel mundial. Este término abarca más de doscientos tipos de enfermedades, las cuales se caracterizan por un crecimiento descontrolado de las células y la posible diseminación por el organismo.&#xd;
El presente trabajo describe el diseño e implementación de un programa basado en el “Juego de la vida” creado por el matemático John Horton Conway, mediante el cual se permite modelar el comportamiento de un tejido que sufre cáncer, en función de los valores dados a una serie de parámetros. Dicho programa implementa una versión más versátil que la propuesta en el “Juego de la vida”, ya que este se basa en un autómata celular probabilístico. Gracias a ello, se amplía la complejidad de los modelos, de forma que pueden llegar a simularse situaciones reales de ciertos tejidos.&#xd;
Para ello, el trabajo se divide en primer lugar en una introducción donde se recogen los principales aspectos sobre el cáncer y la descripción de autómatas celulares. En segundo lugar, la implementación de un programa diseñado en Java, el cual permite a través de una entrada de datos, modelar ciertos comportamientos que pueda presentar un tejido en diferentes situaciones. Por último, una fase de pruebas y resultados donde estudiando diferentes tejidos arbitrarios en condiciones ideales, poder establecer una relación entre la simulación obtenida y procesos fisiopatológicos que acontecen en el cuerpo humano.</subfield>
   </datafield>
   <datafield ind1="8" ind2=" " tag="024">
      <subfield code="a">https://hdl.handle.net/10630/15242</subfield>
   </datafield>
   <datafield tag="653" ind2=" " ind1=" ">
      <subfield code="a">Autómatas celulares</subfield>
   </datafield>
   <datafield tag="653" ind2=" " ind1=" ">
      <subfield code="a">Simulación por ordenador</subfield>
   </datafield>
   <datafield tag="653" ind2=" " ind1=" ">
      <subfield code="a">Ingeniería biomédica</subfield>
   </datafield>
   <datafield tag="653" ind2=" " ind1=" ">
      <subfield code="a">Grado en Ingeniería de la Salud - Trabajos Fin de Grado</subfield>
   </datafield>
   <datafield tag="653" ind2=" " ind1=" ">
      <subfield code="a">Informática - Trabajos Fin de Grado</subfield>
   </datafield>
   <datafield ind2="0" ind1="0" tag="245">
      <subfield code="a">Simulación de tejidos cancerígenos utilizando autómatas celulares probabilísticos</subfield>
   </datafield>
</record>
</metadata></record></GetRecord></OAI-PMH>